000 00437nam a2200169Ia 4500
003 OSt
005 20211116132243.0
008 211109s9999||||xx |||||||||||||| ||und||
040 _cSBCL
082 _a335.430
_bSRE-A
100 _aSreejan, V C
245 0 _aAlthuser: Dharsanavum Rashtreeyavum
260 _bFocus
_aThiruvananthapuram
_c2009
630 _xGENERAL STACK
650 _vEconomics
_xSocial sciencesGeneralia
942 _cBOOK
999 _c45836
_d45836